000 00615nam a2200181 a 4500
005 20230318063623.0
008 991125a19581962mx 000 0 spa u
035 _aUPN01000015461
049 _aCG
050 4 _aLB2365 L4
_bL6.3
100 1 _aLópez Vázquez, Juvencio
_932810
245 1 0 _aDidáctica de las lenguas vivas /
_cJuvencio López Vázquez.
260 _aMéxico :
_bUNAM, Facultad de Filosofía y Letras,
_c1958.
300 _a2 v.
440 0 _aUniversidad Nacional Autónoma de México. Facultad de Filosofía y Letras
650 4 _aLenguaje y lenguas
_xEstudio y enseñanza
_96150
905 _aLibro
999 _c15461
_d15461